Szczegóły MARC21

Osobowościowe uwarunkowania postawy twórczej studentów /

003 -Nazwa inst., której nr kontr. jest w polu 001 [,]
    • @
    • Nazwa instytucji, której n kontrolny jest w polu 001
    • NUKAT
005 -DATA I CZAS OSTATNIEJ MODYFIKACJI [,]
    • @
    • pole kontrolne
    • 20241231111039.0
020 -Międzynarod. znormalizowany nr książki - ISBN [ , ]
    • z
    • Błędny ISBN (P)
    • 8389190436 Find
040 -Instytucja sporządzająca opis [ , ]
    • a
    • Instytucja, która sporządziła opis (NP)
    • TOR U/EC
    • c
    • Instytucja, która sporządziła rekord (NP)
    • TOR U/EC
    • d
    • Instytucja, która zmodyfikowała rekord (P)
    • TOR U/LF
    • d
    • Instytucja, która zmodyfikowała rekord (P)
    • POZN U/BSs
    • d
    • Instytucja, która zmodyfikowała rekord (P)
    • BSTOK U/IL
942 -Rodzaj dokumentu [ , ]
    • c
    • Rodzaj dokumentu
    • Książka
100 -Hasło główne - nazwa osobowa [1, ]
    • a
    • Nazwa osobowa (NP)
    • Wróblewska, Monika
    • c
    • Dopowiedzenie inne niż daty biograficzne (P)
    • (psychologia).
    • 9
    • KHW
    • 90274
245 -Strefa tytułu i oznaczenia odpowiedzialności [1,0]
    • a
    • Tytuł
    • Osobowościowe uwarunkowania postawy twórczej studentów / Find
    • c
    • Pozostałe elementy strefy tytułu i oznaczenia odpowiedzialności (NP)
    • Monika Wróblewska.
260 -Strefa adresu wydawniczego [ , ]
    • a
    • Miejsce wydania (P)
    • Białystok :
    • b
    • Nazwa wydawcy (P)
    • Trans Humana,
    • c
    • Data wydania (P)
    • 2005.
300 -Strefa opisu fizycznego [ , ]
    • a
    • Określenie formy książki i/lub objętość (NP)
    • 194, [1] s. :
    • b
    • Oznaczenie ilustracji (NP)
    • il. ;
    • c
    • Format (NP)
    • 21 cm.
336 -Typ zawartości [ , ]
    • a
    • Termin opisujący typ zawartości
    • Tekst
    • b
    • Kod określający zawartość
    • txt
    • 2
    • Źródło (terminu i kodu)
    • rdacontent
337 -Typ mediów [ , ]
    • a
    • Tryb odtwarzania
    • Bez urządzenia pośredniczącego
    • b
    • Kod typu mediów
    • n
    • 2
    • Źródło (terminu i kodu)
    • rdamedia
338 -Typ/rodzaj nośnika [ , ]
    • a
    • Hasło opisujące typ nośnika
    • Wolumin
    • b
    • Kod typu nośnika
    • nc
    • 2
    • Źródło (terminu i kodu)
    • rdacarrier
504 -Uwaga dot. bibliogr. załącznikowej [ , ]
    • a
    • Uwaga dot. bibliografii załącznikowej
    • Bibliogr. s. 176-194.
530 -Uwaga dot. innej postaci fizycznej dokumentu [ , ]
    • a
    • Uwaga dot. innej postaci fizycznej dokumentu
    • Dostępne również w formie elektronicznej.
536 -Uwaga dot. finansowania książki [ , ]
    • a
    • Tekst uwagi
    • Wydawnie publikacji zostało sfinansowane przez Wydział Pedagogiki i Psychologii Uniwersytetu w Białymstoku.
080 -Uniwersalna Klasyfikacja Dziesiętna [ , ]
    • 2
    • Identyfikator wydania tablic
    • UDC-P022
    • a
    • Symbol klasyfikacji
    • 159.955
    • b
    • Dopowiedzenie
    • Myślenie. Tworzenie pojęć. Abstrakcja. Porównywanie. Sądzenie. Rozumowanie. Refleksja.
    • x
    • Poddział wspólny
    • -057.875
    • b
    • Dopowiedzenie
    • -studenci
    • x
    • Poddział wspólny
    • (438)
    • b
    • Dopowiedzenie
    • (Polska).
    • x
    • Poddział wspólny
    • "1989/..."
080 -Uniwersalna Klasyfikacja Dziesiętna [ , ]
    • 2
    • Identyfikator wydania tablic
    • UDC-P022
    • a
    • Symbol klasyfikacji
    • 159.923
    • b
    • Dopowiedzenie
    • Osobowość. Psychologia indywidualna.
    • x
    • Poddział wspólny
    • -057.875
    • b
    • Dopowiedzenie
    • -studenci
    • x
    • Poddział wspólny
    • (438)
    • b
    • Dopowiedzenie
    • (Polska).
    • x
    • Poddział wspólny
    • "1989/..."
080 -Uniwersalna Klasyfikacja Dziesiętna [ , ]
    • 2
    • Identyfikator wydania tablic
    • UDC-P022
    • a
    • Symbol klasyfikacji
    • 159.928
    • b
    • Dopowiedzenie
    • Talenty.Uzdolnienia.
    • x
    • Poddział wspólny
    • -057.875
    • b
    • Dopowiedzenie
    • -studenci
    • x
    • Poddział wspólny
    • (438)
    • b
    • Dopowiedzenie
    • (Polska).
    • x
    • Poddział wspólny
    • "1989/..."
080 -Uniwersalna Klasyfikacja Dziesiętna [ , ]
    • 2
    • Identyfikator wydania tablic
    • UDC-P022
    • a
    • Symbol klasyfikacji
    • 37.03
    • b
    • Dopowiedzenie
    • Kształcenie osobowości.
650 -Hasło przedmiotowe [ ,7]
    • a
    • Hasło przedmiotowe
    • Studenci
    • x
    • Określnik rzeczowy
    • psychologia
    • x
    • Określnik rzeczowy
    • badania.
    • 2
    • Źródło terminu
    • kaba
    • 9
    • KHW
    • 478749
650 -Hasło przedmiotowe [ ,7]
    • a
    • Hasło przedmiotowe
    • Kreatywność.
    • 2
    • Źródło terminu
    • kaba
    • 9
    • KHW
    • 115846
650 -Hasło przedmiotowe [ ,7]
    • a
    • Hasło przedmiotowe
    • Osobowość.
    • 2
    • Źródło terminu
    • kaba
    • 9
    • KHW
    • 122715
980 -Symbol UKD [ , ]
    • a
    • UKD
    • 159.955:159.923:159.928]-057.875(438)"1989/...":37.03
710 -Hasło dodatkowe - nazwa ciała zbiorowego [2, ]
    • a
    • Nazwa ciała zbiorowego lub nazwa geograficzna jako pierwszy element (NP)
    • Trans Humana Wydawnictwo Uniwersyteckie (Białystok).
    • 4
    • Kod relacji
    • pbl
    • 9
    • KHW
    • 62688
856 -Dostęp do wersji elektronicznej [4,1]
920 -ISBN [ , ]
    • z
    • Błędny ISBN
    • 83-89190-43-6 Find
Lokalizacja Data inwentaryzacji Status udost. Numer inwentarzowy
BG2007-10-08-3Pd.18810
BG2007-10-081Pd.18809